| 000 | 00736nam0a2200241 4500 | ||
|---|---|---|---|
| 001 | RU\NLR\b_ik\190605 | ||
| 005 | 20260406041042.0 | ||
| 035 | _a(NLR Aleph) 002263069 | ||
| 090 |
_a3846350 _c3846350 |
||
| 100 | _a20110615d2009 |||y0rusy50 ca | ||
| 101 | 1 |
_aeng _crus |
|
| 102 | _aRU | ||
| 105 | _ay ||||||||| | ||
| 200 | 1 |
_aThe light that shines in the darkness _fLeo Tolstoy _gtransl. by Aylmer Maude |
|
| 210 |
_aTula _cYasnaya Polyana _d2009 |
||
| 215 |
_a97, [1] Ñ. _d20 |
||
| 686 | 2 | _aШ6(2=Р)57англ. | |
| 700 | 1 |
_4070 _8rus _7ba _aTolstoj _bL. N. _f1828-1910 _gLev NikolaeviÄ _3RU\NLR\AUTH\771516 _9111538 |
|
| 801 | 0 |
_aRU _bNLR _c20110615 _gRCR |
|
| 942 | _cBOOK | ||
| 980 | _aNB | ||